000 00305nam a22001337a 4500
008 170929b xxu||||| |||| 00| 0 eng d
020 _a2900312668906
041 _aeng
080 _26 ED
_a37
100 _a47
101 _aEDU
245 _aCONCISE GUIDE TO WRITING
_cAXELROD.R.B
942 _2udc
_cBK
999 _c30856
_d30856